Cash receipts from the sale of Texas farm commodities /

Bibliographic Details
Main Authors: Kincannon, John A. (Author), Strong, George B. (Author)
Format: Government Document Book
Language:English
Published: College Station, Texas : Texas Agricultural Experiment Station, 1958.
Series:Miscellaneous publication (College Station, Tex.) ; no. 274.
Subjects:
Online Access:Available online via OAK Trust Repository

MARC

Tag First Indicator Second Indicator Subfields
LEADER 00000cam a2200000Ii 4500
001 in00001403062
005 20200330143451.0
008 840719s1958 txua s000 0 eng d
035 |a (OCoLC)ocm10968915 
040 |a TWT  |b eng  |e rda  |c TWT  |d OCLCQ  |d OCLCF  |d OCLCO  |d OCLCA  |d OCLCQ  |d TXA 
035 |a (OCoLC)10968915 
043 |a n-us-tx 
086 |a Z TA245.7 M861 no. 274  |2 txdocs 
090 |a S117  |b .E295 no. 274 
049 |a TXAM 
100 1 |a Kincannon, John A.,  |e author. 
245 1 0 |a Cash receipts from the sale of Texas farm commodities /  |c John A. Kincannon and George B. Strong. 
264 1 |a College Station, Texas :  |b Texas Agricultural Experiment Station,  |c 1958. 
300 |a 15 pages :  |b illustrations ;  |c 28 cm. 
336 |a text  |b txt  |2 rdacontent 
337 |a unmediated  |b n  |2 rdamedia 
338 |a volume  |b nc  |2 rdacarrier 
490 1 |a Miscellaneous publication / Texas Agricultural Experiment Station ;  |v 274 
500 |a Caption title. 
500 |a "May 1958." 
650 0 |a Farm income  |z Texas. 
650 7 |a Farm income.  |2 fast  |0 (OCoLC)fst00921031 
651 7 |a Texas.  |2 fast  |0 (OCoLC)fst01210336 
650 3 |a agricultural products 
650 3 |a products and commodities 
700 1 |a Strong, George B.,  |e author. 
710 2 |a Texas Agricultural Experiment Station,  |e issuing body. 
830 0 |a Miscellaneous publication (College Station, Tex.) ;  |v no. 274. 
856 4 1 |z Available online via OAK Trust Repository  |u https://oaktrust.library.tamu.edu/handle/1969.1/160668  |t 0 
994 |a C0  |b TXA 
948 |a cataloged  |b h  |c 2020/3/30  |d c  |e zliu  |f 2:34:44 pm 
999 f f |s 4a1eab56-e720-3bc2-8180-ff42aa0c0a3b  |i 73d9921a-7f57-3273-8bdd-41352f58f935  |t 0 
952 f f |p normal  |a Texas A&M University  |b College Station  |c Sterling C. Evans Library  |d Evans: Texas Documents (Annex 5th floor)  |t 0  |e Z TA245.7 M681 no.236-285  |h Superintendent of Documents classification  |i unmediated -- volume  |k no.236-285  |l 1957:Oct-1958:June  |m A14816097070 
952 f f |a Texas A&M University  |b College Station  |c Sterling C. Evans Library  |d Evans: Texas Documents (Annex 5th floor)  |t 0  |e Z TA245.7 M681 no.236-285  |h Superintendent of Documents classification 
998 f f |a Z TA245.7 M681 no.236-285  |s 236-246,248-250,254-257,259,260,262,264,266-274,276,277,279-283,285  |t 0  |l Evans: Texas Documents (Annex 5th floor)